Zdeněk Strouhal : Akvarely. Kresby : Středočeská galerie v Praze, únor-duben 1987 : katalog výstavy

Main Author: Strouhal, Zdeněk, 1939-2021
Corporate Author: Středočeská galerie (Praha, Česko)
Language: Czech
Published: Praha : Středočeská galerie, 1987
Physical Description: 1 složený l.
Book
Saved in:
LEADER 01171nam a2200313 a 4500
001 000586806
003 CZ BrMZK
005 20170418135744.0
008 020211s1987 xr e c dcze d
040 |a BOA001  |b cze  |c BOA001 
045 |a x-x- 
072 7 |a 75  |x Malířství  |2 Konspekt  |9 21 
080 |a 75(437.3)  |2 MRF 
080 |a 741/744(437.3)  |2 MRF 
080 |a (083.824)  |2 MRF 
100 1 |a Strouhal, Zdeněk,  |d 1939-2021  |7 mzk2004240571  |4 art 
245 1 0 |a Zdeněk Strouhal :  |b Akvarely. Kresby : Středočeská galerie v Praze, únor-duben 1987 : katalog výstavy 
246 3 3 |a Akvarely. Kresby 
260 |a Praha :  |b Středočeská galerie,  |c 1987 
300 |a 1 složený l. 
600 1 7 |a Strouhal, Zdeněk,  |d 1939-  |7 mzk2004240571 
648 7 |a 20. století  |7 ch460558 
650 0 7 |a české malířství  |7 ph116864  |y 20. století  |2 czenas 
650 0 7 |a česká kresba  |7 ph116857  |y 20. století  |2 czenas 
655 7 |a katalogy výstav  |7 fd132536  |2 czenas 
710 2 |a Středočeská galerie (Praha, Česko)  |7 ko2002102671 
910 |a BOA001  |b X-0914.926 
990 |a BK 
996 6 |b 2619168557  |c X-0914.926  |l MZK  |r Sklad / do 24 hodin  |n 0  |w 000586806  |u 000010  |a 1  |e BOA001  |j MZK50  |s P